Introduction to general topology (Record no. 117036)

MARC details
000 -LEADER
fixed length control field 00366nam a2200145Ia 4500
008 - FIXED-LENGTH DATA ELEMENTS--GENERAL INFORMATION
fixed length control field 230917s9999||||xx |||||||||||||| ||und||
040 ## - CATALOGING SOURCE
-- 86455
Original cataloging agency VIVEKANANDA LIBRARY
041 ## - Language
-- English
082 ## - DDC NUMBER
Classification number 514 J781I
100 ## - MAIN ENTRY--PERSONAL NAME
Personal name Joshi, K D
245 #0 - TITLE STATEMENT
Title Introduction to general topology
260 ## - PUBLICATION, DISTRIBUTION, ETC. (IMPRINT)
Place of publication, distribution, etc New Delhi
Name of publisher, distributor, etc New Age International
Date of publication, distribution, etc 1999
300 ## - PHYSICAL DESCRIPTION
Pages xii, 412 p.
942 ## - ADDED ENTRY ELEMENTS (KOHA)
Koha item type Books
Holdings
Withdrawn status Lost status Damaged status Not for loan Location (home branch) Sublocation or collection (holding branch) Date acquired Koha issues (times borrowed) Koha full call number Accession No. Koha date last seen Koha item type
        VIVEKANANDA LIBRARY VIVEKANANDA LIBRARY 13/10/2003   514 J781I 207908 17/09/2023 Books
        VIVEKANANDA LIBRARY VIVEKANANDA LIBRARY 13/10/2003 1 514 J781I 218561 22/04/2024 Books
        VIVEKANANDA LIBRARY VIVEKANANDA LIBRARY 13/10/2003   514 J781I 218562 17/09/2023 Books
        VIVEKANANDA LIBRARY VIVEKANANDA LIBRARY 13/10/2003   514 J781I 250471 17/09/2023 Books
        VIVEKANANDA LIBRARY VIVEKANANDA LIBRARY 13/10/2003   514 J781I 250472 17/09/2023 Books
        VIVEKANANDA LIBRARY VIVEKANANDA LIBRARY 13/10/2003   514 J781I 250473 17/09/2023 Books
        VIVEKANANDA LIBRARY VIVEKANANDA LIBRARY 13/10/2003   514 J781I 250474 17/09/2023 Books
        VIVEKANANDA LIBRARY VIVEKANANDA LIBRARY 13/10/2003   514 J781I 250475 17/09/2023 Books
        VIVEKANANDA LIBRARY VIVEKANANDA LIBRARY 13/10/2003   514 J781I 250476 17/09/2023 Books
        VIVEKANANDA LIBRARY VIVEKANANDA LIBRARY 13/10/2003   514 J781I 250477 17/09/2023 Books
        VIVEKANANDA LIBRARY VIVEKANANDA LIBRARY 13/10/2003   514 J781I 250478 17/09/2023 Books
        VIVEKANANDA LIBRARY VIVEKANANDA LIBRARY 13/10/2003 1 514 J781I 250479 05/05/2025 Books
        VIVEKANANDA LIBRARY VIVEKANANDA LIBRARY 13/10/2003   514 J781I 250480 17/09/2023 Books
© Designed and Maintained by Vivekananda Library, MDU Rohtak